The salt water aquarium manual

Saved in:
書目詳細資料
主要作者: Valenti, Robert J (Author)
格式: 圖書
語言:英语
出版: Nueva York Aquarium Stock 1968
主題:
標簽: 添加標簽
沒有標簽, 成為第一個標記此記錄!

MARC

LEADER 00000nam a2200000 a 4500
001 UCV5493
003 CL-VaPUC
008 930713e19680000US |||||||||||||||||eng|d
082 0 4 |a 597.007  |b VAL  |2 21 
100 0 |a Valenti, Robert J  |e author  |9 299830 
245 1 4 |a The salt water aquarium manual 
300 |a 162 p 
942 |c BK 
945 |d 19930713 00:00:00 
260 |a Nueva York  |b Aquarium Stock  |c 1968 
650 0 |a Acuarios  |9 262315 
583 |a last modification  |c 20170406 01:23:54  |k Rodrigo Vera 
999 |c 212009  |d 212007 
952 |0 0  |1 0  |2 ddc  |4 0  |6 597_007000000000000_VAL_1968  |7 0  |8 CCM  |9 192287  |a BIBCUR  |b BIBCUR  |c PAC  |d 2019-11-14  |i 2596555  |o 597.007 VAL 1968  |p 2596555  |r 2025-04-22  |w 2019-11-14  |y BK  |k CIM